| 000 | 00946nam0a22002531 4500 | ||
|---|---|---|---|
| 001 | rc\2560219 | ||
| 005 | 20250623104510.0 | ||
| 035 | _a(NLR Aleph) 006725143 | ||
| 090 |
_a5485158 _c5485158 |
||
| 100 | _a20110914d1927 |||y0rusy50 ca | ||
| 101 | 0 | _arus | |
| 102 | _aRU | ||
| 105 | _ay z ||||| | ||
| 200 | 1 |
_aИзучи шрифт, сделаешь надпись _f[Составил М. Бродский] |
|
| 210 |
_a[Москва] _cДолой неграмотность _d[1927] _e[Ленинград] _gВоен. тип. упр. дел НКВМ и РВС СССР |
||
| 215 |
_a[6] с. на 1 л., сложенном в 5 раз _d24х27 см. |
||
| 300 | _aОбложка: М. Б. | ||
| 700 | 1 |
_aБродский _bМ. С. _f1896-1944 _gМоисей Соломонович _9127686 _3RU\NLR\AUTH\770127711 |
|
| 801 | 0 |
_aRU _bNLR _gpsbo |
|
| 801 | 1 |
_aRU _bELAR _2rusmarc |
|
| 852 |
_aNLR _j88/1363 |
||
| 942 | _cBOOK | ||
| 980 | _aNB | ||